Co to za marka samochodu - Statystyki

Ogólne statystyki
  • Ten quiz został rozwiązany 673 razy
  • Średni wynik to 13 z 16
Statystyki odpowiedzi
Obrazkowy Odpowiedź % Poprawnych
Audi
99%
BMW
99%
Mercedes
99%
Ferrari
95%
Fiat
95%
Toyota
95%
Ferrari
94%
Lamborghini
93%
Honda
89%
Alfa Romeo
80%
Bentley
77%
Hyundai
77%
Subaru
69%
Mazda
65%
Rolls-Royce
64%
Aston Martin
53%
Nie znaleziono quizów pasujących do podanych kryteriów
Rozkład punktacji
Procent ludzi z każdym wynikiem
Percentyl według liczby udzielonych odpowiedzi
Twoja historia wyników
Nie rozwiązałeś tego quizu